MARC details
| 000 -CABECERA |
| campo de control de longitud fija |
04074nam a22003977a 4500 |
| 001 - NÚMERO DE CONTROL |
| campo de control |
BRCA_8536 |
| 002 - NÚMERO DE PROCEDENCIA |
| campo de control |
U-103 |
| 003 - IDENTIFICADOR DEL NÚMERO DE CONTROL |
| campo de control |
FranzMayer |
| 005 - FECHA Y HORA DE LA ÚLTIMA TRANSACCIÓN |
| campo de control |
20260507134635.0 |
| 006 - CÓDIGOS DE INFORMACIÓN DE LONGITUD FIJA--CARACTERÍSTICAS DEL MATERIAL ADICIONAL |
| campo de control de longitud fija |
a||||fr|||| 001 0 |
| 007 - CAMPO FIJO DE DESCRIPCIÓN FÍSICA--INFORMACIÓN GENERAL |
| campo de control de longitud fija |
ta |
| 008 - DATOS DE LONGITUD FIJA--INFORMACIÓN GENERAL |
| campo de control de longitud fija |
250923s1647 enka|||frf||| 001 0 eng d |
| 040 ## - FUENTE DE LA CATALOGACIÓN |
| Centro catalogador/agencia de origen |
BMFM |
| Lengua de catalogación |
spa |
| 041 0# - CODIGO DE IDIOMA |
| Código de idioma para texto/pista de sonido o título separado |
eng |
| 050 #4 - SIGNATURA TOPOGRÁFICA DE LA BIBLIOTECA DEL CONGRESO |
| Número de clasificación |
QB26 |
| Número de documento/Ítem |
.L55 1647 |
| 100 1# - ENTRADA PRINCIPAL--NOMBRE DE PERSONA |
| Nombre de persona |
William, Lilly, |
| Fechas asociadas al nombre |
(1602-1681) |
| 9 (RLIN) |
30051 |
| 245 10 - MENCIÓN DE TÍTULO |
| Título |
Christian astrology modestly treated of in three books / |
| Mención de responsabilidad, etc. |
William Lilly |
| 246 13 - FORMA VARIANTE DE TÍTULO |
| Título propio/Titulo breve |
Astrología cristiana modestamente tratada en tres libros |
| 260 ## - PUBLICACIÓN, DISTRIBUCIÓN, ETC. |
| Lugar de publicación, distribución, etc. |
Londres, Inglaterra : |
| Nombre del editor, distribuidor, etc. |
Tho. Brudenell, |
| Fecha de publicación, distribución, etc. |
1647 |
| 300 ## - DESCRIPCIÓN FÍSICA |
| Extensión |
832 páginas : |
| Otras características físicas |
Ilustraciones y gráficos ; |
| Dimensiones |
19.2 x 15 x 6 cm |
| 520 3# - SUMARIO, ETC. |
| Sumario, etc. |
Primera edición de uno de los tratados de astrología más influyentes en el idioma inglés. Ha sido considerado uno de los más relevantes en el estudio de la astrología durante la Edad Media. |
| Ampliación de la nota de sumario |
Se divide en tres partes. La primera introduce los conceptos básicos de astrología (los planetas, los signos zodiacales y las casas astrológicas). La segunda está dedicada a la interpretación de las cartas astrales. Finalmente, en la última parte se abordan las aplicaciones prácticas de la astrología, incluyendo su uso para predecir eventos futuros. |
| 563 ## - NOTA DE ENCUADERNACIÓN |
| Nota de encuadernación |
Otras referencias físicas: Media encuadernación con puntas en piel y tela. El papel del cuerpo del libro es de pulpa de trapo, hecho a mano, con marcas de verjurado y marcas de agua. El cuerpo del libro está formado por cuadernillos unidos mediante costura alternada sobre tres soportes de costura sencillos y ocultos, de cordel. Lomera redondeada con endoses de papel en los cuatro paneles. Cabezadas industriales adheridas (posteriores). Soportes de las tapas de cartón. Decoraciones con dorado en tapas y lomo. Texto impreso. Anotaciones en tinta ferrogálica |
| 591 ## - ESTADO DE CONSERVACIÓN |
| Estado de conservación |
Estado de Conservación: Bueno |
| 591 ## - ESTADO DE CONSERVACIÓN |
| Descripción de conservación |
Descripción de conservación: Libro con intervenciones: hojas de guarda intervenidas, reencuadernado con restos de la encuadernación anterior en el lomo, hojas reforzadas y cabezadas repuestas. Presenta manchas y suciedad leve, especialmente en las primeras y últimas páginas |
| 592 ## - MARCAS ADICIONALES |
| MARCAS ADICIONALES |
Marcas Adicionales: Resto del título e información en portada: <<The first containing the use of an ephemeris, the erecting of a scheam of heaven; nature of the twelve sings of the zodiack, of the planets; with a most easie introduction to the whole art of astrology. The second, by a most methodicall way, Instructeth the student how to judge or resolve all manner of questions contingent unto man, viz, of health, sicknesse, riches, marriage, preferment, journies &c. severall questions inserted and judged. The third, containes an exact method, where by to judge upon nativities; severall wayes how to rectisie them; how to judge the generall fate of the native by the twelve houses of haven, according to the naturall influence of the stars; how his particular and annuall accidents, by the art of direction, and its exact measure of time by profections, revolutions, tranfies. A nativity judged by the method preceding>>. Exlibris de Franz Mayer. Notas manuscritas en la página anterior a la portada, incluyendo las iniciales: J. S. G. Notas manuscritas en los márgenes de las páginas: 31, 47-48, 53-55, 68-69, 71-72, 88, 93, 99, 110, 130, 143-142, 177, 196, 218, 305, 330, 375, 443, 482, 485, 493-494, 503, 520, 531, 537, 563, 755, 633, 637, 663, 816, 852. Últimas páginas con notas manuscritas y gráficos. Incluye catálogo de autores de astrología y tabla alfabética de erratas |
| 593 ## - COLECCIÓN ADICIONAL |
| Colección adicional |
Tratados, compendios y manuales |
| 650 10 - PUNTO DE ACCESO ADICIONAL DE MATERIA--TÉRMINO DE MATERIA |
| Término de materia o nombre geográfico como elemento de entrada |
Astrology |
| Subdivisión cronológica |
Early works to 1800 |
| 9 (RLIN) |
30052 |
| 650 10 - PUNTO DE ACCESO ADICIONAL DE MATERIA--TÉRMINO DE MATERIA |
| Término de materia o nombre geográfico como elemento de entrada |
Occultism |
| 9 (RLIN) |
27787 |
| 650 10 - PUNTO DE ACCESO ADICIONAL DE MATERIA--TÉRMINO DE MATERIA |
| Término de materia o nombre geográfico como elemento de entrada |
Horoscope |
| 9 (RLIN) |
30053 |
| 700 1# - PUNTO DE ACCESO ADICIONAL--NOMBRE DE PERSONA |
| Nombre de persona |
Partridge, John |
| Término indicativo de función/relación |
editor |
| 9 (RLIN) |
30054 |
| 700 1# - PUNTO DE ACCESO ADICIONAL--NOMBRE DE PERSONA |
| Nombre de persona |
Blunden, Humph |
| Término indicativo de función/relación |
editor |
| 9 (RLIN) |
30055 |
| 856 41 - LOCALIZACIÓN Y ACCESO ELECTRÓNICOS |
| Tipo de formato electrónico |
TIF//PDF |
| Identificador Uniforme del Recurso |
<a href="https://bibliotecadigital.franzmayer.org.mx/items/e5ec5c08-a550-4f9d-abb4-cdfa4594de0b">https://bibliotecadigital.franzmayer.org.mx/items/e5ec5c08-a550-4f9d-abb4-cdfa4594de0b</a> |
| Texto de enlace |
Biblioteca Digital Franz Mayer |
| 902 ## - CATALOGADOR |
| Iniciales |
KH |
| -- |
TV |
| -- |
FM |
| 942 ## - ELEMENTOS DE PUNTO DE ACCESO ADICIONAL (KOHA) |
| Fuente del sistema de clasificación o colocación |
Library of Congress Classification |
| Tipo de ítem Koha |
Libros |
| 960 ## - LOCALIZACIÓN FÍSICA (RLIN) |
| Localización física, PLOC (RLIN) |
CS-L2-N1 |
| 952 ## - LOCALIZACIÓN E INFORMACIÓN DEL ÍTEM/UNIDAD FÍSICA (KOHA) |
| Localización permanente |
Biblioteca del Museo Franz Mayer (Rogerio Casas-Alatriste) |
| Ubicación/localización actual |
Biblioteca del Museo Franz Mayer (Rogerio Casas-Alatriste) |
| Información codificada de la localización en otra ubicación |
CS-L2-N1 |
| Número de procedencia |
U-103 |
| Total de préstamos |
0 |
| Signatura topográfica completa |
QB26 .L55 1647 (U-103) |
| Código de barras |
LAR00041 |
| Fecha visto por última vez |
2025-09-24 13:21:00 |
| Tipo de ítem Koha |
Libros |
| Estado del ejemplar |
El ejemplar forma parte de la colección y puede ser consultado según las políticas vigentes. |
| Estado de pérdida |
|
| Restricciones de uso |
Además de la credencial vigente, se requiere carta de motivos para autorizar la consulta. |
| Disponibilidad para consulta |
|
| Código de colección |
Libros Antiguos y Raros |